[Event "Kieler Open 2014-B"]
[Site "Kiel"]
[Date "2014.08.07"]
[Round "8.12"]
[White "Steffen, Jörn"]
[Black "Lange, Edgar"]
[Result "1/2-1/2"]
[WhiteElo "1314"]
[BlackElo "1481"]
[PlyCount "43"]
[EventDate "2014.??.??"]
[WhiteTeam "Flintbek"]
[BlackTeam "Kieler SG"]

1. d4 Nf6 2. c4 e6 3. Nc3 Bb4 4. Nf3 b6 5. Bg5 h6 6. Bd2 Bb7 7. e3 O-O 8. Be2
d5 9. cxd5 exd5 10. a3 Bxc3 11. Bxc3 Nbd7 12. b4 a6 13. Rc1 b5 14. O-O Nb6 15.
Nd2 Nc4 16. Nxc4 dxc4 17. Bf3 c6 18. e4 Re8 19. Re1 Qc7 20. g3 Rad8 21. Bg2 Nd7
22. Qh5 1/2-1/2

[Event "Kieler Open 2014-B"]
[Site "Kiel"]
[Date "2014.08.07"]
[Round "8.13"]
[White "Rommeck, Christiane"]
[Black "Serbin, Alexander"]
[Result "0-1"]
[WhiteElo "1442"]
[BlackElo "1373"]
[PlyCount "100"]
[EventDate "2014.??.??"]
[WhiteTeam "Flintbek"]
[BlackTeam "Kieler SG"]

1. e4 e5 2. Nf3 Nc6 3. d4 d6 4. dxe5 Nxe5 5. Nxe5 dxe5 6. Qxd8+ Kxd8 7. Be3 Nf6
8. Nd2 b6 9. f3 Bd6 10. O-O-O Ke7 11. Bc4 Be6 12. Rhe1 Rad8 13. Bxe6 Kxe6 14.
g3 Bc5 15. Bxc5 bxc5 16. f4 Ng4 17. Re2 Rd7 18. h3 Nh6 19. Nb3 Rxd1+ 20. Kxd1
Rd8+ 21. Kc1 exf4 22. gxf4 c4 23. Na5 f5 24. exf5+ Kf6 25. Re6+ Kf7 26. Rc6
Nxf5 27. Rxc7+ Kf6 28. Nxc4 Ng3 29. b4 Ne2+ 30. Kb2 Nxf4 31. Rxa7 Nxh3 32. b5
Rb8 33. b6 g5 34. Rxh7 g4 35. a4 Ng5 36. Rd7 g3 37. Rd2 Ne4 38. Rg2 Kg5 39. a5
Kh4 40. a6 Nd6 41. b7 Nxc4+ 42. Kc1 Rf8 43. Kb1 Na5 44. c4 Nc6 45. Kc1 Kh3 46.
Rxg3+ Kxg3 47. Kb2 Kf4 48. Ka3 Ke5 49. Ka4 Kd6 50. Kb5 Kc7 0-1

[Event "Kieler Open 2014-B"]
[Site "Kiel"]
[Date "2014.08.07"]
[Round "8.14"]
[White "Koch, Andreas Tigran"]
[Black "Untiedt, Urs Arved"]
[Result "1/2-1/2"]
[WhiteElo "1214"]
[BlackElo "1180"]
[PlyCount "39"]
[EventDate "2014.??.??"]
[WhiteTeam "Eckernförde"]
[BlackTeam "Agon Neum?"]

1. e4 c5 2. Nf3 d6 3. Bc4 Bg4 4. Bxf7+ Kd7 5. Ne5+ dxe5 6. Qxg4+ Kc7 7. Qe6 Nf6
8. Nc3 Nbd7 9. d3 Rc8 10. Nd5+ Kb8 11. Nxf6 exf6 12. Qd5 Qc7 13. Qb3 Qd6 14.
Bd5 Nb6 15. Be3 Rd8 16. c4 Be7 17. Rc1 Rhe8 18. O-O Rf8 19. f4 Rd7 20. f5 {(=)}
1/2-1/2

[Event "Kieler Open 2014-B"]
[Site "Kiel"]
[Date "2014.08.07"]
[Round "8.16"]
[White "Hogreve, Holger"]
[Black "Aden, Tönjes"]
[Result "1-0"]
[WhiteElo "1510"]
[BlackElo "862"]
[PlyCount "99"]
[EventDate "2014.??.??"]
[WhiteTeam "Eckernförde"]
[BlackTeam "Segeberg"]

1. Nf3 d5 2. d4 Nc6 3. c3 Nf6 4. Bg5 Bg4 5. Nbd2 g6 6. Bxf6 exf6 7. h3 Be6 8.
e4 dxe4 9. Nxe4 Bg7 10. Bd3 b6 11. O-O O-O 12. Re1 Bd5 13. Ned2 Bh6 14. c4 Be6
15. Be4 Bd7 16. b3 Rc8 17. Re2 Ne7 18. Qe1 Re8 19. Rd1 Nf5 20. Nb1 Bf4 21. Nc3
Bd6 22. Nb5 a6 23. Nxd6 Nxd6 24. Bb1 Rxe2 25. Qxe2 h5 26. Re1 Kg7 27. c5 Bb5
28. Bd3 Bxd3 29. Qxd3 bxc5 30. dxc5 Nf5 31. Rd1 Qxd3 32. Rxd3 Nh6 33. Ne1 Re8
34. Re3 Rxe3 35. fxe3 Kf8 36. Nd3 Ke7 37. Nb4 Kd7 38. Nxa6 Nf5 39. Kf2 Kc6 40.
Ke2 Kb5 41. Nxc7+ Kxc5 42. Kd3 Kb4 43. Nd5+ Ka3 44. b4 Nd6 45. Kc3 f5 46. Nc7
Ka4 47. Nd5 Nb5+ 48. Kc4 Nd6+ 49. Kc5 Nb5 50. Nb6+ 1-0

[Event "Kieler Open 2014-B"]
[Site "Kiel"]
[Date "2014.08.07"]
[Round "8.17"]
[White "Gütschow, Finn Erik"]
[Black "Maaß, Ralf"]
[Result "1/2-1/2"]
[WhiteElo "943"]
[BlackElo "1208"]
[PlyCount "41"]
[EventDate "2014.??.??"]
[WhiteTeam "Segeberg"]
[BlackTeam "Flensburg"]

1. e4 e5 2. Nf3 Nf6 3. Nxe5 d6 4. Nf3 Nxe4 5. Qe2 Qe7 6. d3 Nf6 7. Qxe7+ Bxe7
8. d4 d5 9. Nc3 Bg4 10. Be2 Nbd7 11. O-O O-O 12. Bg5 h6 13. Bxf6 Nxf6 14. h3
Bxf3 15. Bxf3 c6 16. Rfe1 Rfe8 17. Ne2 Bd6 18. c3 Re6 19. b4 Rae8 20. a3 Ne4
21. Bg4 {(=)} 1/2-1/2

[Event "Kieler Open 2014-B"]
[Site "Kiel"]
[Date "2014.08.07"]
[Round "8.18"]
[White "RR, Yannic"]
[Black "Brockmann, Werner"]
[Result "0-1"]
[WhiteElo "1355"]
[BlackElo "1415"]
[PlyCount "136"]
[EventDate "2014.??.??"]
[WhiteTeam "Segeberg"]
[BlackTeam "Kieler SG"]

1. e4 d6 2. d4 g6 3. Nf3 Bg7 4. Be3 Nf6 5. Nc3 O-O 6. Be2 Ng4 7. O-O Nxe3 8.
fxe3 Nd7 9. Qd2 b6 10. Rf2 Bb7 11. Raf1 a6 12. Qd3 b5 13. Ng5 Nf6 14. e5 dxe5
15. dxe5 Qxd3 16. cxd3 b4 17. Nd1 Nd5 18. Nxf7 Bc8 19. Bf3 c6 20. Ng5 Bh6 21.
Bxd5+ cxd5 22. Rxf8+ Bxf8 23. Nf3 Bf5 24. Nf2 Bh6 25. g4 Bd7 26. g5 Bf8 27. e4
e6 28. exd5 exd5 29. Rc1 Rc8 30. Rxc8 Bxc8 31. Nd4 Bc5 32. Nc6 Bf5 33. d4 Bf8
34. Nd1 Bb1 35. e6 Bg7 36. Nxb4 Bxd4+ 37. Kf1 a5 38. Nxd5 Bxa2 39. e7 Kf7 40.
Nf6 Kxe7 41. Nxh7 Bb3 42. Ke2 Bxd1+ 43. Kxd1 Bxb2 44. Kc2 Be5 45. Kb3 Bxh2 46.
Ka4 Bc7 47. Kb5 Kf7 48. Nf6 Bd8 49. Nd5 Ke6 50. Nc3 Kf5 51. Kc4 Kxg5 52. Kd3
Kg4 53. Ke2 Kg3 54. Kd3 g5 55. Ne4+ Kg2 56. Nxg5 Bxg5 57. Kc3 Kf3 58. Kb3 Ke4
59. Ka4 Bd2 60. Kb3 Kd3 61. Ka4 Kc4 62. Ka3 Kb5 63. Kb3 a4+ 64. Kc2 Be1 65. Kb2
Kb4 66. Ka2 Bc3 67. Kb1 Kb3 68. Kc1 a3 0-1

[Event "Kieler Open 2014-B"]
[Site "Kiel"]
[Date "2014.08.07"]
[Round "9.1"]
[White "Koch, Ralf-Johannes"]
[Black "Pape, Rainer"]
[Result "1-0"]
[WhiteElo "1750"]
[BlackElo "1891"]
[PlyCount "151"]
[EventDate "2014.??.??"]
[WhiteTeam "Eckernförde"]
[BlackTeam "Quickborn"]

1. Nf3 Nf6 2. d4 c5 3. c3 cxd4 4. cxd4 g6 5. Bf4 Bg7 6. Nbd2 d6 7. e3 Nc6 8.
Bd3 Bg4 9. h3 Bd7 10. O-O O-O 11. a3 a6 12. Qe2 Rc8 13. Rac1 Nd5 14. Bh2 Re8
15. Bc4 Nb6 16. Ba2 e5 17. d5 Ne7 18. e4 Bb5 19. Nc4 Bh6 20. Rc3 Nxc4 21. Bxc4
Bxc4 22. Rxc4 Rxc4 23. Qxc4 Qb6 24. b4 Rc8 25. Qb3 Qb5 26. Bg3 Qc4 27. Qxc4
Rxc4 28. Bh4 Kf8 29. Re1 f5 30. Bg5 Bg7 31. Nd2 Rc2 32. f3 h6 33. Bxe7+ Kxe7
34. Nb3 h5 35. Rc1 Rxc1+ 36. Nxc1 Bh6 37. Nb3 Be3+ 38. Kf1 h4 39. Ke2 Bb6 40.
Kd3 Kf6 41. Nc1 Bd4 42. Ne2 Bf2 43. Nc1 Kg5 44. Ne2 b5 45. Kd2 Bb6 46. Kc3 Kf6
47. Kd3 Ke7 48. Kc3 Bf2 49. Kb3 Kd7 50. a4 Bb6 51. axb5 a5 52. bxa5 Bxa5 53.
Ka4 Bb6 54. Kb4 Kc7 55. Kc4 Bf2 56. Nc3 Kb6 57. Na2 Be1 58. Nb4 fxe4 59. fxe4
Bf2 60. Nc6 Be3 61. Ne7 g5 62. Nf5 Bc5 63. Nh6 Kc7 64. Nf7 Be3 65. Kb4 Bd2+ 66.
Kc4 Be3 67. Kb4 Bd2+ 68. Ka4 Bc1 69. Ka5 Bd2+ 70. Ka6 Be3 71. Nh8 Bc5 72. Ng6
Bf2 73. Nf8 Be3 74. Ne6+ Kb8 75. b6 Bd2 76. Nd8 1-0

[Event "Kieler Open 2014-B"]
[Site "Kiel"]
[Date "2014.08.07"]
[Round "9.2"]
[White "Bosselmann, Tom Linus"]
[Black "Slesicki, Andreas"]
[Result "1/2-1/2"]
[WhiteElo "1535"]
[BlackElo "1623"]
[PlyCount "90"]
[EventDate "2014.??.??"]
[WhiteTeam "Lübeck"]
[BlackTeam "Doppelbauer Kiel"]

1. e4 c5 2. d4 cxd4 3. c3 dxc3 4. Nxc3 Nc6 5. Bc4 e6 6. Nf3 d6 7. O-O Be7 8.
Bf4 Nf6 9. Re1 O-O 10. Qd2 a6 11. Rad1 Qa5 12. a3 b5 13. b4 Qb6 14. Bb3 Bb7 15.
Be3 Qc7 16. Rc1 Rac8 17. Ng5 Qb8 18. Nxe6 fxe6 19. Bxe6+ Kh8 20. Bxc8 Rxc8 21.
Nd5 Nxd5 22. exd5 Ne5 23. Bd4 Bf6 24. Rxc8+ Qxc8 25. Bxe5 Bxe5 26. Rc1 Qa8 27.
Rd1 h6 28. f4 Bf6 29. g4 Qc8 30. h3 Qc3 31. Qxc3 Bxc3 32. Rd3 Bb2 33. Kg2 Kg8
34. g5 Bc1 35. gxh6 gxh6 36. Kf3 Bb2 37. Kg4 Kg7 38. Kh5 Ba8 39. Rg3+ Kh7 40.
Rg6 Bxd5 41. Rxh6+ Kg7 42. Rxd6 Bf7+ 43. Kg5 Bxa3 44. Rxa6 Bxb4 45. Rb6 Be7+
1/2-1/2

[Event "Kieler Open 2014-B"]
[Site "Kiel"]
[Date "2014.08.07"]
[Round "9.3"]
[White "Herrmann, Sabine"]
[Black "Eberhardt, Michael"]
[Result "0-1"]
[WhiteElo "1537"]
[BlackElo "1723"]
[PlyCount "60"]
[EventDate "2014.??.??"]
[WhiteTeam "SF Hamburg"]
[BlackTeam "Agon Neum?"]

1. e4 d5 2. exd5 Nf6 3. c4 c6 4. dxc6 Nxc6 5. Nf3 e5 6. d3 Bf5 7. a3 a5 8. Nc3
Be7 9. Bg5 O-O 10. Bxf6 Bxf6 11. Nd5 Re8 12. Be2 Qd6 13. Rb1 Rad8 14. Nd2 Nd4
15. O-O Bg5 16. b4 Qg6 17. Bh5 Qd6 18. Ne4 Bxe4 19. dxe4 axb4 20. Rxb4 g6 21.
Bg4 Ra8 22. Rb6 Qc5 23. Bd7 Red8 24. Bb5 Rxd5 25. Rxg6+ hxg6 26. exd5 Nxb5 27.
cxb5 Qxb5 28. Qf3 Be7 29. Ra1 Rxa3 30. Rd1 Rxf3 0-1

[Event "Kieler Open 2014-B"]
[Site "Kiel"]
[Date "2014.08.07"]
[Round "9.4"]
[White "Schmidt, Niko"]
[Black "Sowa, Kay"]
[Result "1-0"]
[WhiteElo "1811"]
[BlackElo "1452"]
[PlyCount "95"]
[EventDate "2014.??.??"]
[WhiteTeam "Kaltenkirchen"]
[BlackTeam "Doppelbauer Kiel"]

1. e4 c5 2. Nc3 a6 3. f4 b5 4. Nf3 Bb7 5. d3 e6 6. e5 Ne7 7. Be2 Nf5 8. O-O h5
9. Ng5 g6 10. Bf3 Nc6 11. Nce4 Be7 12. c3 Qb6 13. Kh1 O-O-O 14. Nxf7 Rh7 15.
Nxd8 Qxd8 16. a4 b4 17. Ng5 Rg7 18. Qe1 Qh8 19. Be3 Bxg5 20. fxg5 Nxe5 21.
Bxb7+ Kxb7 22. Bxc5 Nc6 23. Bd4 Ncxd4 24. cxd4 h4 25. Qxb4+ Ka8 26. Kg1 Qd8 27.
Rac1 Rg8 28. Qc4 Qb6 29. b4 Ne3 30. Qc5 Qxc5 31. Rxc5 Nxf1 32. Kxf1 Rf8+ 33.
Ke2 Rf5 34. Rxf5 exf5 35. Kf3 Kb7 36. Kf4 d6 37. d5 Kc7 38. g4 hxg3 39. hxg3
Kb6 40. Ke3 a5 41. Kd4 Ka6 42. Kc4 Kb6 43. bxa5+ Kxa5 44. Kb3 Kb6 45. Kb4 Ka6
46. a5 Kb7 47. Kb5 Kc7 48. a6 1-0

[Event "Kieler Open 2014-B"]
[Site "Kiel"]
[Date "2014.08.07"]
[Round "9.5"]
[White "Bornhorst, Lars"]
[Black "Gutschenreiter, Donato"]
[Result "1/2-1/2"]
[WhiteElo "1652"]
[BlackElo "1392"]
[PlyCount "108"]
[EventDate "2014.??.??"]
[WhiteTeam "Bad Essen"]
[BlackTeam "Flensburg"]

1. d4 d5 2. c4 c6 3. Nc3 Nf6 4. e3 e6 5. Nf3 Nbd7 6. cxd5 cxd5 7. Bd3 Be7 8.
O-O O-O 9. b3 b6 10. Bb2 Bb7 11. Rc1 Ne8 12. Qe2 f5 13. Ne5 Nxe5 14. dxe5 g5
15. Nb5 Bc5 16. Nd4 Bxd4 17. exd4 Ng7 18. Rc3 Rc8 19. Rfc1 Rxc3 20. Rxc3 g4 21.
f3 h5 22. f4 Rf7 23. Qc2 Ne8 24. a4 Rc7 25. Ba3 Rxc3 26. Qxc3 h4 27. Bb5 Nc7
28. Bc6 Qa8 29. Bxb7 Qxb7 30. Bd6 Ne8 31. Ba3 Ng7 32. Qe1 Qa6 33. Qf1 Qxf1+ 34.
Kxf1 Kf7 35. g3 h3 36. Ke2 Ke8 37. b4 Kd7 38. Bc1 Ne8 39. Kd3 Nc7 40. b5 a6 41.
bxa6 Nxa6 42. Kc3 Kc6 43. Kb3 b5 44. Bd2 Nc7 45. a5 Ne8 46. Kb4 Nc7 47. Bc3
Na6+ 48. Kb3 Nc7 49. Kb4 Ne8 50. Kb3 Ng7 51. Kb4 Nh5 52. Be1 Ng7 53. a6 Ne8 54.
Ka5 Nc7 1/2-1/2

[Event "Kieler Open 2014-B"]
[Site "Kiel"]
[Date "2014.08.07"]
[Round "9.6"]
[White "Busse, Gerd"]
[Black "Westphal-Stubbe, Siegbert"]
[Result "1/2-1/2"]
[WhiteElo "1835"]
[BlackElo "1833"]
[Annotator "Schulz,Hugo"]
[PlyCount "46"]
[EventDate "2014.??.??"]
[WhiteTeam "Quickborn"]
[BlackTeam "Plön"]

1. e4 Nc6 2. Nc3 Nf6 3. f4 d6 4. Nf3 e6 5. Bc4 a6 6. a3 g6 7. d3 Bg7 8. Ba2 O-O
9. O-O b5 10. Qe1 Bb7 11. Qh4 Nh5 12. Qe1 Nd4 13. Nxd4 Bxd4+ 14. Kh1 Bg7 15. f5
exf5 16. exf5 d5 17. Rb1 c5 18. Bd2 c4 19. dxc4 dxc4 20. Rd1 Qc7 21. Qf2 Rad8
22. Be3 Rxd1 23. Rxd1 Qc6 {(=)} 1/2-1/2

[Event "Kieler Open 2014-B"]
[Site "Kiel"]
[Date "2014.08.07"]
[Round "9.7"]
[White "Zielke, Bernd"]
[Black "Schmieder, Kerstin"]
[Result "0-1"]
[WhiteElo "1699"]
[BlackElo "1683"]
[PlyCount "128"]
[EventDate "2014.??.??"]
[WhiteTeam "Holtenau"]
[BlackTeam "Rodewischer Schachmiezen"]

1. b4 e5 2. Bb2 d6 3. c4 Nf6 4. e3 Bf5 5. Nc3 Nbd7 6. Nf3 Be7 7. Be2 O-O 8. O-O
h6 9. d3 Rc8 10. Nd5 Nxd5 11. cxd5 e4 12. Ne1 Nf6 13. dxe4 Bxe4 14. Bf3 Qd7 15.
Bxe4 Nxe4 16. f3 Nf6 17. e4 c6 18. dxc6 Qxc6 19. Rc1 Qb6+ 20. Kh1 Qxb4 21. Bxf6
Rxc1 22. Qxc1 Bxf6 23. Nd3 Qa5 24. Qc2 Qc3 25. Qxc3 Bxc3 26. Rc1 Ba5 27. Nf4
Bd2 28. Rc7 Bxf4 29. Rxb7 Be3 30. Rb3 Bb6 31. g3 Rc8 32. Rb2 Kf8 33. Kg2 Ke7
34. f4 f6 35. a4 Rc4 36. a5 Bxa5 37. Rb7+ Rc7 38. Rb5 Bb6 39. e5 dxe5 40. fxe5
f5 41. Kf3 g6 42. h3 Rc5 43. Rb3 Rxe5 44. g4 fxg4+ 45. hxg4 g5 46. Rc3 Kd7 47.
Rd3+ Kc6 48. Rc3+ Rc5 49. Re3 Rd5 50. Rc3+ Kb5 51. Ke4 Rd4+ 52. Kf3 Bc5 53.
Rb3+ Ka4 54. Rb7 a5 55. Rh7 Rf4+ 56. Ke2 Rxg4 57. Rxh6 Rg3 58. Rc6 Kb5 59. Rc8
a4 60. Ra8 a3 61. Kd1 Rg2 62. Kc1 a2 63. Rb8+ Kc4 64. Ra8 Kd3 0-1

[Event "Kieler Open 2014-B"]
[Site "Kiel"]
[Date "2014.08.07"]
[Round "9.8"]
[White "Schumacher, Horst"]
[Black "Bockelmann, Fred"]
[Result "1-0"]
[WhiteElo "1809"]
[BlackElo "1704"]
[PlyCount "33"]
[EventDate "2014.??.??"]
[WhiteTeam "Holtenau"]
[BlackTeam "Kieler SG"]

1. e4 d5 2. d4 dxe4 3. Nc3 Nf6 4. f3 exf3 5. Nxf3 Bg4 6. h3 Bh5 7. g4 Bg6 8.
Ne5 Nd5 9. Bg2 e6 10. h4 h6 11. Qf3 c6 12. h5 Nxc3 13. bxc3 Nd7 14. Nxd7 Qxd7
15. hxg6 fxg6 16. Qe4 Qd5 17. Qxg6+ 1-0

[Event "Kieler Open 2014-B"]
[Site "Kiel"]
[Date "2014.08.07"]
[Round "9.9"]
[White "Weck, Uwe"]
[Black "Roca Llorca, Josep"]
[Result "0-1"]
[WhiteElo "1693"]
[BlackElo "1717"]
[PlyCount "68"]
[EventDate "2014.??.??"]
[WhiteTeam "Kaltenkirchen"]

1. e4 c5 2. Nf3 Nc6 3. d4 cxd4 4. Nxd4 g6 5. Be3 Bg7 6. Be2 Nf6 7. Bf3 O-O 8.
O-O Ne5 9. Nd2 Nxf3+ 10. Qxf3 d6 11. Qg3 Ng4 12. c3 Nxe3 13. Qxe3 b6 14. Rfe1
Bb7 15. Qg3 Qd7 16. Rad1 Rac8 17. f4 Qa4 18. N4b3 Rfd8 19. a3 e6 20. Qg5 Rd7
21. e5 dxe5 22. fxe5 h6 23. Qe3 Rd5 24. Qe4 Qxe4 25. Rxe4 Rcd8 26. Rd4 Bxe5 27.
Rxd5 Rxd5 28. Re1 Bg7 29. Nf3 Rb5 30. Nbd4 Bxd4+ 31. cxd4 Rxb2 32. Rc1 Bxf3 33.
gxf3 Rb3 34. a4 Rxf3 0-1

[Event "Kieler Open 2014-B"]
[Site "Kiel"]
[Date "2014.08.07"]
[Round "9.10"]
[White "Stolzenwald, Frank"]
[Black "Isler, Benjamin"]
[Result "0-1"]
[WhiteElo "1628"]
[BlackElo "1274"]
[PlyCount "26"]
[EventDate "2014.??.??"]
[WhiteTeam "SF Hamburg"]
[BlackTeam "Flensburg"]

1. b4 Nf6 2. Bb2 e6 3. b5 d5 4. e3 Bd6 5. f4 Nbd7 6. d4 Ne4 7. g3 c5 8. c3 c4
9. Nd2 Ndf6 10. Ngf3 Qa5 11. a4 Nxc3 12. Bxc3 Qxc3 13. Kf2 Ng4+ 0-1

[Event "Kieler Open 2014-B"]
[Site "Kiel"]
[Date "2014.08.07"]
[Round "9.11"]
[White "Kollhoff, Josef"]
[Black "Serbin, Alexander"]
[Result "1/2-1/2"]
[WhiteElo "1741"]
[BlackElo "1373"]
[PlyCount "91"]
[EventDate "2014.??.??"]
[WhiteTeam "Kieler SG"]
[BlackTeam "Kieler SG"]

1. d4 Nf6 2. Nf3 g6 3. Nc3 Bg7 4. e4 d6 5. Bf4 O-O 6. Qd2 Nbd7 7. Be2 a6 8. Bh6
b5 9. b4 Bb7 10. Bxg7 Kxg7 11. d5 c6 12. dxc6 Bxc6 13. Bd3 e5 14. O-O Kh8 15.
Rfe1 Rg8 16. Rad1 Qe7 17. Bf1 Ne8 18. Nd5 Bxd5 19. Qxd5 Nb6 20. Qb3 Rc8 21. Nd2
Qe6 22. Rc1 Qxb3 23. axb3 Rc6 24. c4 Nc7 25. cxb5 Rxc1 26. Rxc1 Nxb5 27. Rc6
Rb8 28. Bxb5 axb5 29. Rxd6 Rb7 30. Kf1 Rd7 31. Rxd7 Nxd7 32. Nb1 Nb8 33. Nc3
Nc6 34. Nxb5 Nxb4 35. Nc3 Nd3 36. Nd5 Nc5 37. b4 Nxe4 38. b5 Nd6 39. b6 Nb7 40.
Ke2 Kg7 41. g4 Kf8 42. g5 Ke8 43. Ke3 Nd6 44. Kd3 Kd7 45. b7 Nxb7 46. Ke4
1/2-1/2

[Event "Kieler Open 2014-B"]
[Site "Kiel"]
[Date "2014.08.07"]
[Round "9.12"]
[White "Lange, Edgar"]
[Black "Dao, Joerg"]
[Result "1-0"]
[WhiteElo "1481"]
[BlackElo "1426"]
[PlyCount "76"]
[EventDate "2014.??.??"]
[WhiteTeam "Kieler SG"]

1. e4 e5 2. Nf3 Qf6 3. Nc3 c6 4. d3 h6 5. Bd2 Bd6 6. a3 Bc7 7. b4 a6 8. Be2 g5
9. h3 Ne7 10. Nh2 Ng6 11. Bg4 Nf4 12. Qf3 Qg7 13. Bf5 h5 14. O-O-O f6 15. g4 h4
16. Ne2 Ke7 17. Bc3 d6 18. Nxf4 gxf4 19. Rhe1 b5 20. d4 a5 21. dxe5 fxe5 22.
Qd3 axb4 23. axb4 Rd8 24. Nf3 Qh8 25. Kb2 Bb6 26. Bxc8 Bxf2 27. Re2 Bb6 28. Bf5
Bc7 29. Ng5 Qg8 30. Ne6 Rc8 31. Ra1 Rxa1 32. Kxa1 Na6 33. Rd2 Bb8 34. Bxe5 dxe5
35. Qd7+ Kf6 36. g5+ Qxg5 37. Nxg5 Kxg5 38. Qxc8 Nc7 1-0

[Event "Kieler Open 2014-B"]
[Site "Kiel"]
[Date "2014.08.07"]
[Round "9.13"]
[White "Hogreve, Holger"]
[Black "Dambrowski, Ralf"]
[Result "1-0"]
[WhiteElo "1510"]
[BlackElo "1485"]
[PlyCount "103"]
[EventDate "2014.??.??"]
[WhiteTeam "Eckernförde"]
[BlackTeam "Agon Neum?"]

1. Nf3 d5 2. d4 c5 3. Bg5 Qb6 4. Bc1 Nc6 5. e3 Bg4 6. c3 e6 7. Nbd2 Nf6 8. Bd3
cxd4 9. exd4 Be7 10. h3 Bxf3 11. Nxf3 O-O 12. O-O Rac8 13. Re1 Rfe8 14. Rb1 a5
15. a3 Qc7 16. Bg5 Qd8 17. Re3 Nd7 18. Bxe7 Qxe7 19. Qe2 Nf6 20. Re1 Nh5 21.
Bb5 Nf4 22. Qf1 Qf6 23. Ne5 Red8 24. Ng4 Qe7 25. Rf3 Ng6 26. Rg3 Qd6 27. Bd3
Nf4 28. Nf6+ Kh8 29. Nxh7 Nxd3 30. Qxd3 e5 31. Ng5 e4 32. Nxf7+ Kg8 33. Nxd6
exd3 34. Nxc8 Rxc8 35. Rxd3 Rc7 36. Rde3 Kf7 37. Rf3+ Kg8 38. Rg3 Ne7 39. Re5
Rd7 40. h4 Kf7 41. Rf3+ Kg8 42. h5 Nc6 43. Re8+ Kh7 44. Rff8 Kh6 45. Rh8+ Kg5
46. Re6 Kf5 47. Re3 Ne7 48. h6 gxh6 49. Rxh6 Kf4 50. Rf6+ Kg5 51. Rfe6 Nc6 52.
g3 1-0

[Event "Kieler Open 2014-B"]
[Site "Kiel"]
[Date "2014.08.07"]
[Round "9.14"]
[White "Untiedt, Urs Arved"]
[Black "Rommeck, Christiane"]
[Result "0-1"]
[WhiteElo "1180"]
[BlackElo "1442"]
[PlyCount "54"]
[EventDate "2014.??.??"]
[WhiteTeam "Agon Neum?"]
[BlackTeam "Flintbek"]

1. c4 d6 2. d4 g6 3. Nf3 Bg7 4. g3 Nd7 5. Bg2 e5 6. Bg5 Ne7 7. dxe5 Nxe5 8.
Nxe5 Bxe5 9. Qd2 O-O 10. Nc3 c6 11. Rd1 f6 12. Bf4 Be6 13. b3 Qa5 14. Bxe5 dxe5
15. O-O Rad8 16. Qb2 Qb6 17. Bf3 Bh3 18. Rfe1 Nf5 19. e3 Qc7 20. Ne4 Kg7 21.
Nc5 Qe7 22. Ne4 Rxd1 23. Rxd1 Rd8 24. Rxd8 Qxd8 25. Qc1 Ne7 26. Qc3 Kf7 27. Bg2
Qd1+ 0-1

[Event "Kieler Open 2014-B"]
[Site "Kiel"]
[Date "2014.08.07"]
[Round "9.15"]
[White "Maaß, Ralf"]
[Black "Howe, Dietrich"]
[Result "0-1"]
[WhiteElo "1208"]
[BlackElo "1742"]
[PlyCount "56"]
[EventDate "2014.??.??"]
[WhiteTeam "Flensburg"]
[BlackTeam "Kaltenkirchen"]

1. d4 d5 2. Nf3 e6 3. e3 c5 4. c3 Nc6 5. Bd3 Nf6 6. Nbd2 cxd4 7. cxd4 g6 8. O-O
Bg7 9. Re1 O-O 10. a3 Re8 11. e4 dxe4 12. Nxe4 Nxd4 13. Nxd4 Qxd4 14. Qf3 Nd5
15. Rb1 Bd7 16. Bd2 Bc6 17. Qe2 Rad8 18. Bb5 Bxb5 19. Qxb5 b6 20. Rbd1 Qxb2 21.
Qxb2 Bxb2 22. a4 Rd7 23. Bc3 Bxc3 24. Nxc3 Red8 25. Nxd5 Rxd5 26. Rxd5 Rxd5 27.
Rc1 Rd7 28. Rc8+ Kg7 0-1

[Event "Kieler Open 2014-B"]
[Site "Kiel"]
[Date "2014.08.07"]
[Round "9.16"]
[White "Koch, Andreas Tigran"]
[Black "Gütschow, Finn Erik"]
[Result "0-1"]
[WhiteElo "1214"]
[BlackElo "943"]
[PlyCount "72"]
[EventDate "2014.??.??"]
[WhiteTeam "Eckernförde"]
[BlackTeam "Segeberg"]

1. e4 d5 2. exd5 Qxd5 3. Nc3 Qa5 4. Nf3 Nf6 5. a3 c5 6. Bc4 Bg4 7. O-O e6 8. d3
Bd6 9. Bd2 O-O 10. Ne4 Qd8 11. Bg5 Be7 12. h3 Bh5 13. c3 Nxe4 14. Bxe7 Qxe7 15.
dxe4 Nc6 16. Qe2 a6 17. g4 b5 18. Bxb5 axb5 19. gxh5 c4 20. Rad1 h6 21. Rd2 Ne5
22. Nxe5 Qg5+ 23. Ng4 f5 24. exf5 exf5 25. Rd5 Rab8 26. Qe6+ Kh8 27. Kg2 Rbe8
28. Qc6 Rb8 29. Re1 Qf4 30. Ne3 Qe4+ 31. f3 Qe7 32. Qg6 Rf6 33. Qg3 f4 34. Qf2
fxe3 35. Qxe3 Qf7 36. Qe7 Qxd5 0-1

[Event "Kieler Open 2014-B"]
[Site "Kiel"]
[Date "2014.08.07"]
[Round "9.17"]
[White "Salwasser, Christian"]
[Black "Fleischmann, Yannic"]
[Result "1/2-1/2"]
[WhiteElo "1035"]
[BlackElo "1355"]
[PlyCount "75"]
[EventDate "2014.??.??"]
[WhiteTeam "SC Rastatt"]
[BlackTeam "Segeberg"]

1. e4 e5 2. Nf3 Nf6 3. Nc3 Nc6 4. Bc4 Nxe4 5. Bxf7+ Kxf7 6. Nxe4 Be7 7. O-O Rf8
8. d4 exd4 9. Nfg5+ Kg8 10. f4 h6 11. Nf3 d5 12. Ng3 Bg4 13. h3 Bxf3 14. Rxf3
Bc5 15. Rd3 Nb4 16. Rb3 d3+ 17. Kh2 dxc2 18. Qd2 Bd6 19. Rxb4 Bxb4 20. Qxb4 d4
21. Qb3+ Rf7 22. Qxc2 d3 23. Qc3 Qd5 24. Bd2 Re7 25. Qb3 Qxb3 26. axb3 Re6 27.
Rd1 Rd8 28. Ra1 Re2 29. Nxe2 dxe2 30. Bc3 Rd1 31. Rxa7 Rc1 32. Bd2 b6 33. Ra4
e1=Q 34. Bxe1 Rxe1 35. Rc4 Re2 36. Rxc7 Rxb2 37. Rc3 Kf8 38. Kg3 1/2-1/2

[Event "Kieler Open 2014-B"]
[Site "Kiel"]
[Date "2014.08.07"]
[Round "9.18"]
[White "Brockmann, Werner"]
[Black "Steffen, Jörn"]
[Result "1-0"]
[WhiteElo "1415"]
[BlackElo "1314"]
[PlyCount "68"]
[EventDate "2014.??.??"]
[WhiteTeam "Kieler SG"]
[BlackTeam "Flintbek"]

1. Nf3 c5 2. g3 Nf6 3. e3 g6 4. Bg2 Nc6 5. O-O Bg7 6. c3 O-O 7. d4 cxd4 8. exd4
d5 9. Bg5 h6 10. Be3 e6 11. Re1 Kh7 12. Nbd2 Re8 13. Ne5 Nxe5 14. dxe5 Nd7 15.
f4 Nb6 16. Nf3 Nc4 17. Qc2 Nxe3 18. Rxe3 Qc7 19. Bf1 Bd7 20. Bd3 Rac8 21. h4
Qc5 22. Nd4 h5 23. Qe2 f5 24. exf6 Bxf6 25. Rd1 Kg7 26. g4 Bxd4 27. cxd4 Qxd4
28. gxh5 Qxf4 29. Rf3 Qd4+ 30. Kg2 Rf8 31. Rg3 Rf6 32. Rxg6+ Rxg6+ 33. Bxg6 Qf4
34. Rf1 Qh6 1-0